Leader xxxxxxxxxx
001 __ PCLIS00048665
005 __ 20221221110958.0
010 0_ |a978-986-5987-47-3|b卷1 : 平裝|dNT$180
010 0_ |a978-986-5987-51-0|b卷2 : 平裝|dNT$180
010 0_ |a978-986-5987-54-1|b卷3 : 平裝|dNT$180
010 0_ |a978-986-5987-60-2|b卷4 : 平裝|dNT$180
100 __ |a20150417g20142015m y0chiy09 e
101 0_ |achi
102 __ |atw
105 __ |aa z 000ay
200 1_ |a琉璃仙子|f香草著|g天藍插畫
205 __ |a初版
210 __ |a臺北市|c魔豆文化出版|a新北市|c蓋亞文化發行|c聯合發行總經銷|d2014-2015[民103-104]
215 0_ |a4冊|c圖|d20公分
225 1_ |afresh|vFS065,FS069,FS074,FS079
300 __ |a作者號由t038補0, 由t561刪除
327 1_ |v1|a1,兩名神子|v2|a2,佟氏一族|v3|a3,靈族令牌|v4|a4,復仇火焰. 完
463 _0 |12001 |a兩名神子
463 _0 |12001 |a佟氏一族
463 _0 |12001 |a靈族令牌
463 _0 |12001 |a復仇火焰
410 _0 |12001|afresh|vFS065,069,074,079
681 __ |a857.7|b866
681 __ |a850.3857|b8660
700 _0 |a香草|4著
702 _0 |a天藍|4插畫
801 _0 |atw|b內湖高中|c20140417|gCCR
801 _2 |atw|b內湖高中|c20221221|gCCR
|